000 00596nam a22001817a 4500
020 _qHard Cover.
082 _a302.2
100 _aAziz, Amna
245 _aNational Book Foundation Promotional Campaign /
_cAmna Azin, Kirin Bashir and Summan Sheraz.
260 _aIslamabad:
_bS3H - NUST,
_c2019.
300 _a71 p. :
_bill. ;
_c30cm.
563 _aa
650 _aMass Communication BS-Project Report.
_927865
700 _aKomal Sadaf.
_927866
856 _uhttp://10.250.8.41:8080/xmlui/handle/123456789/28865
942 _2ddc
_cPR
999 _c533859
_d533859